000 00478nam a2200145 i 4500
001 88167
003 ES-MaACL
007 t|
008 050103s1951 sp ||||1| spa d
100 1 _aLafuente Vidal, José.
_969544
245 1 0 _aRelatos novelados sobre los principales acontecimientos de la Historia de Alicante en la antigüedad /
_cJosé Lafuente Vidal.
260 _aAlicante :
_b[s.n.,
_c1951] (
_fReus)
300 _a1 t., 8 lám. ;
_c21 cm.
852 _aES-MaACL
_jC-7814
999 _c88167
_d88167